=LDR 00000nam 2200000 4500 =001 001085 =005 20250713101001 =035 ##$$a 0010-0725000967 =007 ta =008 250713################a##########0#ind## =020 ##$$a 978-623-472-656-5 =082 ##$$a 398.209 598 =084 ##$$a 398.209 598 NAF p =100 #$$a Nafula, Ursula =245 1#$$a Pelangi Datang Berkunjung /$c Ursula Nafula =250 ##$$a Cetakan Pertama =260 ##$$a Jakarta Timur :$b Badan Pengembangan dan Pembinaan Bahasa,$c 2022 =300 ##$$a 24 hlm : $b ilus. ; $c 22,9 cm =650 #4$$a Literasi-Bahan Bacaan =700 #$$a Beckbessinger, Sam =600 #4$$a Cerita anak Indonesia - Terjemahan =856 ##$$a TBM AS SUHADA =990 ##$$a TBM202400991